|
|
|
|
| LEADER |
00000cam a2200000 7i4500 |
| 001 |
0000003423 |
| 005 |
20060317.0 |
| 020 |
0 |
0 |
|a 9991731024
|
| 090 |
0 |
0 |
|a 584.5
|b DRA
|
| 100 |
1 |
0 |
|a Dransfield, John (1945- )
|
| 245 |
1 |
4 |
|a The rattans of Brunei Darussalam
|c John Dransfield
|c assisted by Niga Nangkat, Halimah Haji Morni, Joffre Haji Ali Ahmad, Ariffin Kalat
|
| 260 |
0 |
0 |
|a Brunei Darussalam :
|b Ministry of Industry and Primary Resources ,
|c 1997.
|
| 300 |
|
|
|a 217p, :
|b incl. 16p of col.plates : ill(some col.) ;
|c 26cm.
|
| 650 |
0 |
0 |
|a Brunei
|
| 650 |
0 |
0 |
|a Calamus
|
| 650 |
0 |
0 |
|a Checklists
|
| 650 |
0 |
0 |
|a Habitats
|
| 650 |
0 |
0 |
|a Keys
|
| 650 |
0 |
0 |
|a Korthalsia
|
| 650 |
0 |
0 |
|a Nomenclature
|
| 650 |
0 |
0 |
|a Plant distribution
|
| 650 |
0 |
0 |
|a Plectocomia
|
| 650 |
0 |
0 |
|a Retispatha
|
| 650 |
0 |
0 |
|a Taxonomy
|
| 700 |
1 |
1 |
|a Ariffin Kalat
|
| 700 |
1 |
1 |
|a Halimal Haji Morni
|
| 700 |
1 |
1 |
|a Joffre Haji Ali Ahmad,
|
| 700 |
1 |
1 |
|a Niga Nangkat
|
| 999 |
|
|
|a 0000006502
|b Monograph
|c Open Shelf
|e Default branch
|